000
00447nam a2200145Ia 4500
008
090124s9999 xx 000 0 und d
082
_b
401446
245
_a
भिंगरी आणि भवऱ्या
250
_a
1
260
_b
भागवत लीलावती
_c
1983
300
_a
107
630
_a
भिंगरी आणि भवऱ्या
730
_a
भिंगरी आणि भवऱ्या
942
_c
BOOK
999
_c
197830
_d
197830